পাকিস্তানীদের দৃষ্টিতে একাত্তর / (Record no. 11119)
[ view plain ]
| 000 -LEADER | |
|---|---|
| fixed length control field | 00944nam a2200241 a 4500 |
| 001 - CONTROL NUMBER | |
| JCCL Control Number | 11119 |
| 003 - CONTROL NUMBER IDENTIFIER | |
| JCCL marc code | BD-JhCC |
| 005 - DATE AND TIME OF LATEST TRANSACTION | |
| control field | 20190730134326.0 |
| 008 - FIXED-LENGTH DATA ELEMENTS--GENERAL INFORMATION | |
| fixed length control field | 190630b20052018bg |||| ||a| 000 0 ben d |
| 020 ## - INTERNATIONAL STANDARD BOOK NUMBER | |
| International Standard Book Number | 9789848815359 |
| 035 ## - SYSTEM CONTROL NUMBER | |
| system control number | (BD-JhCC)11119 |
| 040 ## - CATALOGING SOURCE | |
| Original cataloging agency | BD-JhCC |
| Modifying agency | BD-JhCC |
| 041 ## - LANGUAGE CODE | |
| Language code of Book | ben |
| 082 ## - DEWEY DECIMAL CLASSIFICATION NUMBER | |
| Classification number | 954.9205 |
| Author mark and Year | PAK 2018 |
| 245 ## - TITLE STATEMENT | |
| Title | পাকিস্তানীদের দৃষ্টিতে একাত্তর / |
| Statement of responsibility, etc | সম্পাদনা: মুনতাসীর মামুন,মহিউদ্দিন আহমেদ |
| 260 ## - PUBLICATION, DISTRIBUTION, ETC. (IMPRINT) | |
| Place of publication, distribution, etc | ঢাকা: |
| Name of publisher, distributor, etc | দি ইউনিভার্সিটি প্রেস লিমিটেড; |
| Date of publication, distribution, etc | ২০১৮. |
| 300 ## - PHYSICAL DESCRIPTION | |
| Pagination | ৩৬০ পৃঃ . : |
| Dimensions | ২২ সেমি. |
| 651 ## - SUBJECT ADDED ENTRY--GEOGRAPHIC NAME | |
| Geographic name | Liberation war |
| Geographic subdivision | Bangladesh |
| 700 ## - ADDED ENTRY--PERSONAL NAME | |
| Personal name | মামুন, মুনতাসীর |
| 700 ## - ADDED ENTRY--PERSONAL NAME | |
| Personal name | আহমেদ, মহিউদ্দিন |
| 942 ## - ADDED ENTRY ELEMENTS (KOHA) | |
| Source of classification or shelving scheme | Dewey Decimal Classification |
| Koha item type | Books |
| Source of classification or shelving scheme | Damaged status | Not for loan | Home library | Current library | Shelving location | Cost, normal purchase price | Total Checkouts | Full call number | Barcode | Date last seen | Date checked out | Copy number | Koha item type |
|---|---|---|---|---|---|---|---|---|---|---|---|---|---|
| Dewey Decimal Classification | JCC Rouf Library | JCC Rouf Library | General Stacks | 336.00 | 1 | 954.9205 PAK 2018 | 15164 | 10/26/2022 | 09/18/2022 | C-1 | Books |